| 000 | 00644nam a2200193 a 4500 | ||
|---|---|---|---|
| 001 | 001114570 | ||
| 003 | AM-YeHGA | ||
| 005 | 20250617151824.0 | ||
| 008 | 151119s1970 ru r 000 0 rus d | ||
| 040 | _aAM-YeHGA | ||
| 041 | 0 | _arus | |
| 100 | 1 | _aГальперин, Иосиф Иосифович | |
| 245 | 1 | 0 |
_aДинамические системы / _cИ.И. Гальперин. |
| 260 |
_aМосква : _bЭнергия, _c1970. |
||
| 300 |
_a268 с. : _bил. |
||
| 504 | _aБиблиогр.: с. 266-268 | ||
| 653 | 0 | _aАвтоматика и телемеханика - Динамические системы | |
| 090 | _c360468 | ||
| 999 |
_c358643 _d358643 |
||